00529pab a2200157 454500008004000000100001800040245009700058260000900155300001100164362001200175650002300187773003400210909000900244999001500253952010300268180718b1988 xxu||||| |||| 00| 0 eng d aBaru, Sanjaya aState and industrialisation in a post - colonial capitalist economybThe experience of India c1988 a143-50 a23 Jan. aCapitalism - India aEconomic and Political Weekly a5134 c5134d5134 00104070aIIPAbIIPAd2018-07-19hVolume no: 23, Issue no: 4pAR5140r2018-07-19w2018-07-19yAR